| 000 | 00405 a2200145 4500 | ||
|---|---|---|---|
| 020 | _a0814450466 | ||
| 024 | _a9780814450468 | ||
| 082 | _a658.154 | ||
| 090 |
_c2739 _d2739 |
||
| 100 | _aFinney Robert G. | ||
| 245 |
_aPowerful Budgeting for Better Planning & Management _cRobert G. Finney |
||
| 260 |
_aNew York _bAmerican Management Association _c1993 |
||
| 300 | _a744 | ||
| 942 |
_aNBS _cBK _k658.154 FIN |
||
| 999 |
_c345230 _d345230 |
||